Grandangolo /

Saved in:
書目詳細資料
主要作者: Somekh, Simone (Author)
格式: 圖書
語言:意大利语
出版: Firenza : Giuntina, 2017
版:2. ed
叢編:Diaspora
標簽: 添加標簽
沒有標簽, 成為第一個標記此記錄!

MARC

LEADER 00000nam a22000007i 4500
001 IT\ICCU\IEI\0690807
003 ItRI
005 20250115101028.0
008 220120s2017 it |||||| ||||| |||||c
020 |a 9788880577058 
040 |b ita  |c Arcigay Genova 
041 7 |a ita  |2 ISO-639-2 
100 1 |a Somekh, Simone  |0 IT\ICCU\TO0V\693960  |4 aut 
240 1 0 |a Grandangolo   |9 Somekh, Simone 
245 1 0 |a Grandangolo /  |c Simone Somekh. 
250 |a 2. ed 
260 |a Firenza :  |b Giuntina,  |c 2017 
300 |a 180 p. ;  |c 21 cm 
830 0 |a Diaspora  |0 IT\ICCU\RAV\1658920 
942 |2 ddc  |c BK 
952 |0 0  |1 0  |2 ddc  |4 0  |6 853_920000000000000_SOM_GRA  |7 1  |9 2915  |a GE  |b GE  |d 2025-01-15  |l 0  |o 853.92 SOM GRA  |p 1477  |r 2025-01-15 10:13:08  |w 2025-01-15  |x Donazione di Alvaro Bazzano  |y BK  |z Donazione AB 
981 1 |6 z01  |a i   |b xxxe  
982 1 |6 z01  |a n 
999 |c 2434  |d 2434